Fornecedores das seleções Copa do Mundo FIFA 2022 - Statistics

Estatísticas Gerais
  • Esse quiz foi jogado 216 vezes
  • A pontuação média é 27 de 32
Estatísticas das Respostas
Seleção Fornecedor % Correto
Arábia Saudita Nike
100%
Austrália Nike
100%
Brasil Nike
100%
Canadá Nike
100%
República da Coréia Nike
100%
Croácia Nike
100%
Estados Unidos Nike
100%
França Nike
100%
Holanda Nike
100%
Inglaterra Nike
100%
Polônia Nike
100%
Portugal Nike
100%
Catar Nike
100%
Alemanha Adidas
99%
Argentina Adidas
99%
Bélgica Adidas
99%
Espanha Adidas
99%
Japão Adidas
99%
País de Gales Adidas
99%
México Adidas
99%
Gana Puma
94%
Marrocos Puma
94%
Senegal Puma
94%
Sérvia Puma
94%
Suíça Puma
94%
Senegal Puma
94%
Costa Rica New Balance
40%
Tunísia Kappa
35%
Dinamarca Hummel
20%
Equador Marathon
14%
Irã Majid
5%
Camarões One All Sports
3%
Nenhum quiz correspondente encontrado
Distribuição das Pontuações
Porcentagem de Pessoas com Cada Pontuação
Percentil de Números Respondidos
Sua Pontuação Histórica
Você não jogou esse quiz